Waterpolo Olympics Winners By Year (MEN) - Statistics

General Stats
  • This quiz has been taken 212 times
  • The average score is 23 of 26
Answer Stats
Year Winner % Correct
1932 Hungary
95%
1936 Hungary
95%
1952 Hungary
95%
1956 Hungary
95%
1964 Hungary
95%
1976 Hungary
95%
2000 Hungary
95%
2004 Hungary
95%
2008 Hungary
95%
2016 Serbia
94%
1972 Soviet Union
94%
1980 Soviet Union
94%
1948 Italy
92%
1960 Italy
92%
1992 Italy
92%
2012 Croatia
90%
1996 Spain
90%
1968 Yugoslavia
86%
1984 Yugoslavia
86%
1988 Yugoslavia
86%
1928 Germany
83%
1900 Great Britain
80%
1908 Great Britain
80%
1912 Great Britain
80%
1920 Great Britain
80%
1924 France
79%
No matching quizzes found
Score Distribution
Percent of People with Each Score
Percentile by Number Answered
Your Score History
You have not taken this quiz